[Event "Carabobo-chT"]
[Site "Valencia"]
[Date "2020.03.08"]
[Round "3.2"]
[White "Jaramillo, Ali Henderson"]
[Black "Gomez Gomez, Severyan Alfonzo"]
[Result "1-0"]
[WhiteElo "1625"]
[BlackElo "1134"]
[PlyCount "81"]
[EventDate "2020.03.07"]
[EventType "team-swiss"]
[EventRounds "6"]
[EventCountry "VEN"]
[SourceTitle "EXT 2021"]
[Source "ChessBase"]
[SourceDate "2020.10.23"]
[SourceVersion "1"]
[SourceVersionDate "2020.10.23"]
[SourceQuality "1"]

1. f4 d5 2. d4 Nc6 3. Nf3 Bg4 4. e3 Nf6 5. Be2 e6 6. 0-0 Bd6 7. Ne5 Bxe2 8. Qxe2 Bxe5 9. fxe5 Ne4 10. c3 0-0 11. Bd2 f6 12. exf6 Rxf6 13. Rxf6 Qxf6 14. Be1 Rf8 15. Nd2 Nxd2 16. Bxd2 e5 17. Rf1 Qe7 18. Rxf8+ Qxf8 19. Qb5 exd4 20. Qxd5+ Kh8 21. exd4 Qe7 22. Qf3 Kg8 23. h3 Qe6 24. d5 Ne5 25. dxe6 Nxf3+ 26. gxf3 Kf8 27. Bf4 Ke7 28. Bxc7 Kxe6 29. c4 Kd7 30. Be5 g6 31. Bd4 a6 32. Kf2 Kc6 33. a4 b5 34. cxb5+ axb5 35. axb5+ Kxb5 36. Kg3 Kc6 37. Kg4 h6 38. Bg7 h5+ 39. Kg5 Kd6 40. Kxg6 h4 41. Bf6 1-0